Disney Lyrics Quiz - Statistics

General Stats
  • This quiz has been taken 360 times
  • The average score is 132 of 246
Answer Stats
Answer % Correct
a
96%
I
96%
the
89%
you
85%
You
85%
me
76%
When
74%
Be
72%
be
72%
to
70%
To
70%
And
68%
and
68%
We
67%
he
66%
of
64%
who
64%
go
63%
So
63%
they
62%
your
62%
can
61%
my
61%
for
60%
man
59%
on
58%
out
58%
make
57%
as
54%
in
54%
is
54%
see
54%
I'll
53%
how
50%
How
50%
You're
50%
you're
50%
get
49%
are
48%
win
48%
up,
47%
that
46%
With
46%
But
45%
down
45%
huns
45%
Did
44%
ever
44%
asked
43%
defeat
43%
Let's
43%
sons?
43%
daughters
42%
must
42%
through
42%
we're
42%
all
41%
business
41%
fire
41%
I'm
41%
send
41%
us
41%
river
40%
was
40%
wish
40%
got
39%
moon
39%
This
39%
could
37%
great
37%
raging
37%
right
37%
swift
37%
bunch
36%
saddest
36%
bet
35%
coursing
35%
knew
35%
Mister,
35%
Mysterious
35%
never
35%
them
35%
Time
35%
typhoon
35%
before
34%
Hope
34%
met
34%
Say
33%
doesn't
32%
lot
32%
pathetic
32%
Somehow
32%
swim
32%
clue
31%
fool
31%
force
31%
haven't
31%
Now
31%
strength
31%
those
31%
gonna
30%
gym
30%
home,
30%
breath
29%
cutting
29%
darkside
29%
goodbye
29%
Once
29%
pack
29%
really
29%
catch
28%
find
28%
forest
28%
might
28%
scared
28%
school
28%
spineless,
28%
sure
28%
within
28%
Boy
27%
death
27%
every
27%
war
27%
Tranquil
26%
pale,
25%
survive
25%
center
24%
racing
24%
rage
24%
toward
24%
arrive
23%
guy's
23%
order
22%
Til
22%
unsuited
18%
Head
13%
No matching quizzes found
Score Distribution
Percent of People with Each Score
Percentile by Number Answered
Your Score History
You have not taken this quiz